000 00509nam a2200253Ia 4500
001 069179
003 YMCAF
005 20230512160549.0
008 100717s1980 ||||||||||||||||| ||und|d
020 _a-
024 _a69179
035 _a8642
040 _aYMCAF
_beng
_cIN-KoLT
041 _aeng
082 _a510
_bCHA
100 _aCHAWLA, C D
245 0 _aENGINEERING MATHEMATICS
250 _a-
260 _bAsia
_c1980
300 _a33.13
653 _a-
653 _a-
942 _2ddc
_cBK
999 _c5335
_d5335